000 00372nam a22001691a 4500
020 _a9788170814023
082 _aS 792.8
_bUNN/N
100 _aUnni N P
245 _aNatya sastra (v.3)/
_cby Unni N P
260 _aDelhi:
_bNag,
_c1998.
300 _a887-1253p.
650 _aDance
650 _aNatyasastram
650 _aArts
700 _aBharatamuni
942 _cBK
999 _c30797
_d30797